000 00458nam a2200193Ia 4500
001 14128
003 GE_BSU
008 181216s||||||||xx |||||||||||||| ||und||
020 _a9781843404132
040 _cGE_BSU
080 _a641
245 _aGood Housekeeping Step-by-step cook book
260 _aLondon
260 _bCollins & Brown
260 _c2007
300 _a464p.ill.25cm.
653 _aGood Housekeeping Step-by-step cook book
942 _cBK
999 _c47268
_d47268